[Event "15. Obert Int. Sant Martí 2013 - B"]
[Site "Barcelona ESP"]
[Date "2013.07.19"]
[Round "7.41"]
[White "Llopis Jordan, Lluis"]
[Black "Febrero Perez, Lluis"]
[Result "1/2-1/2"]
[WhiteElo "1786"]
[BlackElo "1604"]
[PlyCount "122"]
[EventDate "2013.07.13"]
[EventType "swiss"]
[EventRounds "9"]
[EventCountry "ESP"]
[SourceTitle "Ajedrez en Madrid"]
[Source "lmi"]
[SourceDate "2013.07.13"]
[SourceVersion "1"]
[SourceVersionDate "2019.06.21"]
[SourceQuality "1"]

1. d4 Nf6 2. c4 g6 3. Nc3 d5 4. Bg5 c6 5. e3 Bg7 6. Nf3 O-O 7. Bd3 Be6 8. c5 b6
9. b4 Nbd7 10. O-O Nh5 11. e4 f6 12. Bd2 Qc7 13. Rc1 Nf4 14. Bb1 Bf7 15. Re1 e5
16. g3 Nh3+ 17. Kg2 exd4 18. Nxd4 Ng5 19. exd5 bxc5 20. Ne6 Bxe6 21. dxe6 cxb4
22. Nd5 Qb7 23. Ne7+ Kh8 24. exd7 c5+ 25. f3 Qxd7 26. Rxc5 Rfe8 27. Rd5 Qh3+
28. Kh1 a5 29. Bxg5 fxg5 30. Rxg5 Bf6 31. Nxg6+ hxg6 32. Rxg6 Rxe1+ 33. Qxe1
Bc3 34. Qc1 Bg7 35. Be4 Rf8 36. f4 Re8 37. Bf3 Bc3 38. Rg5 Re7 39. Rh5+ Qxh5
40. Bxh5 Re1+ 41. Qxe1 Bxe1 42. Bf7 Kg7 43. Bc4 a4 44. Kg2 Kf6 45. Kf3 Bc3 46.
h4 Kg6 47. g4 Be1 48. h5+ Kh6 49. Ke4 Bd2 50. Kf5 Bc1 51. Bf7 Kg7 52. Bc4 Kh6
53. Ke4 Bd2 54. Ke5 Bc1 55. Ke4 Bd2 56. Kf3 Bc1 57. Kg3 Bd2 58. Kf3 Bc1 59. Ke4
Bd2 60. Ke5 Bc1 61. Kd4 Bxf4 1/2-1/2

[Event "15. Obert Int. Sant Martí 2013 - B"]
[Site "Barcelona ESP"]
[Date "2013.07.19"]
[Round "7.42"]
[White "Monteagudo Aguilera, Maximo"]
[Black "Herrerias Gonzalez, Andreu"]
[Result "1-0"]
[WhiteElo "1779"]
[BlackElo "1592"]
[PlyCount "97"]
[EventDate "2013.07.13"]
[EventType "swiss"]
[EventRounds "9"]
[EventCountry "ESP"]
[SourceTitle "Ajedrez en Madrid"]
[Source "lmi"]
[SourceDate "2013.07.13"]
[SourceVersion "1"]
[SourceVersionDate "2019.06.21"]
[SourceQuality "1"]

1. e4 c6 2. d4 d5 3. Nc3 dxe4 4. Nxe4 Bf5 5. Ng3 Bg6 6. h4 h6 7. Nf3 Nd7 8. Bd3
Bxd3 9. Qxd3 Ngf6 10. Be3 e6 11. O-O-O Ng4 12. Rhe1 Nxe3 13. Rxe3 Bd6 14. Kb1
Bxg3 15. fxg3 Qc7 16. d5 Nc5 17. Qd4 cxd5 18. Qxd5 Rd8 19. Qxd8+ Qxd8 20. Rxd8+
Kxd8 21. b4 Na6 22. a3 Ke7 23. Rc3 Kd6 24. Rd3+ Ke7 25. Ne5 Nb8 26. Rc3 Nc6 27.
Nxc6+ bxc6 28. Rxc6 Kd7 29. b5 e5 30. c4 Rb8 31. Kc2 a6 32. Rxa6 Rd8 33. c5 Kc7
34. Ra7+ Kc8 35. Ra8+ Kc7 36. Rxd8 Kxd8 37. c6 Kc7 38. a4 f5 39. Kd3 g5 40. a5
g4 41. h5 f4 42. gxf4 exf4 43. Ke2 Kb8 44. b6 Ka8 45. a6 f3+ 46. gxf3 gxf3+ 47.
Kxf3 Kb8 48. c7+ Kc8 49. a7 1-0

[Event "15. Obert Int. Sant Martí 2013 - B"]
[Site "Barcelona ESP"]
[Date "2013.07.19"]
[Round "7.43"]
[White "Ferre Navarro, Joan"]
[Black "Gonzalez Edo, David"]
[Result "1/2-1/2"]
[WhiteElo "1609"]
[BlackElo "1777"]
[PlyCount "73"]
[EventDate "2013.07.13"]
[EventType "swiss"]
[EventRounds "9"]
[EventCountry "ESP"]
[SourceTitle "Ajedrez en Madrid"]
[Source "lmi"]
[SourceDate "2013.07.13"]
[SourceVersion "1"]
[SourceVersionDate "2019.06.21"]
[SourceQuality "1"]

1. e4 c5 2. Nf3 g6 3. d4 cxd4 4. Nxd4 Bg7 5. Be3 Nc6 6. Bc4 Nf6 7. Nc3 O-O 8.
Bb3 a5 9. f3 d5 10. Nxc6 bxc6 11. exd5 cxd5 12. Nxd5 Nxd5 13. Qxd5 Qxd5 14.
Bxd5 Rb8 15. Bb3 Bxb2 16. Rd1 Ba6 17. Bc5 Bc3+ 18. Kf2 Rfe8 19. Rd7 e6 20. Rhd1
Bb5 21. Ra7 Ra8 22. Rxa8 Rxa8 23. a4 Ba6 24. Rd7 Rc8 25. Be3 Bc4 26. Bd2 Bxb3
27. cxb3 Bxd2 28. Rxd2 Rb8 29. Rd3 Kg7 30. Ke2 h5 31. Kd2 g5 32. Kc2 g4 33. Rc3
gxf3 34. gxf3 Kg6 35. Rc5 Ra8 36. h4 f6 37. f4 1/2-1/2

[Event "15. Obert Int. Sant Martí 2013 - B"]
[Site "Barcelona ESP"]
[Date "2013.07.19"]
[Round "7.44"]
[White "Alquezar Calpena, Marc"]
[Black "Sequera Morales, Jose David"]
[Result "1/2-1/2"]
[WhiteElo "1775"]
[BlackElo "1575"]
[PlyCount "102"]
[EventDate "2013.07.13"]
[EventType "swiss"]
[EventRounds "9"]
[EventCountry "ESP"]
[SourceTitle "Ajedrez en Madrid"]
[Source "lmi"]
[SourceDate "2013.07.13"]
[SourceVersion "1"]
[SourceVersionDate "2019.06.21"]
[SourceQuality "1"]

1. e4 c5 2. Nf3 Nc6 3. d4 cxd4 4. Nxd4 Nf6 5. Nc3 e5 6. Ndb5 d6 7. Bg5 a6 8.
Bxf6 gxf6 9. Na3 b5 10. Nd5 Bg7 11. c4 b4 12. Qa4 Bd7 13. Nxb4 Nd4 14. Qd1 Qa5
15. Qd2 Rb8 16. Nac2 Nxc2+ 17. Nxc2 Qxd2+ 18. Kxd2 Rxb2 19. Kc3 Rb6 20. Bd3 Ke7
21. Nb4 Be6 22. Rab1 Kd7 23. Nd5 Rxb1 24. Rxb1 Bxd5 25. cxd5 Rc8+ 26. Kb4 Bh6
27. Ka5 Bd2+ 28. Kxa6 Ra8+ 29. Kb7 Rxa2 30. Bb5+ Ke7 31. Kc6 Rc2+ 32. Kb7 Bc3
33. Rf1 Bd4 34. Bc6 Rxf2 35. Rxf2 Bxf2 36. g4 Bc5 37. Kc8 Kf8 38. Kd8 Kg7 39.
Bd7 Kg6 40. h4 h6 41. Ke7 Kg7 42. Be8 Ba3 43. Bxf7 Bb4 44. Be8 Bc5 45. Ke6 Ba3
46. Kd7 Bb4 47. Kc6 Bc5 48. Kb5 Ba3 49. Kc4 Bc5 50. Kd3 Bd4 51. Ke2 Bc5 1/2-1/2

[Event "15. Obert Int. Sant Martí 2013 - B"]
[Site "Barcelona ESP"]
[Date "2013.07.19"]
[Round "7.45"]
[White "Tortosa Moros, Joan"]
[Black "Alvarez Albiol, Victor"]
[Result "1/2-1/2"]
[WhiteElo "1771"]
[BlackElo "1546"]
[PlyCount "44"]
[EventDate "2013.07.13"]
[EventType "swiss"]
[EventRounds "9"]
[EventCountry "ESP"]
[SourceTitle "Ajedrez en Madrid"]
[Source "lmi"]
[SourceDate "2013.07.13"]
[SourceVersion "1"]
[SourceVersionDate "2019.06.21"]
[SourceQuality "1"]

1. e4 c5 2. Nf3 e6 3. d4 cxd4 4. Nxd4 Nc6 5. Nc3 Qc7 6. Be3 a6 7. Qd2 Nf6 8.
O-O-O Bb4 9. f3 d5 10. Nxc6 bxc6 11. e5 Nd7 12. f4 c5 13. a3 Ba5 14. Bxc5 Bxc3
15. Qxc3 Qxc5 16. Qg3 O-O 17. Bd3 h6 18. Qh3 Qe7 19. g4 Nc5 20. g5 Nxd3+ 21.
Rxd3 hxg5 22. Rg1 f6 1/2-1/2

[Event "15. Obert Int. Sant Martí 2013 - B"]
[Site "Barcelona ESP"]
[Date "2013.07.19"]
[Round "7.46"]
[White "Ferres Saez, Joan"]
[Black "Martin Palau, Roger"]
[Result "1-0"]
[WhiteElo "1752"]
[BlackElo "1492"]
[PlyCount "55"]
[EventDate "2013.07.13"]
[EventType "swiss"]
[EventRounds "9"]
[EventCountry "ESP"]
[SourceTitle "Ajedrez en Madrid"]
[Source "lmi"]
[SourceDate "2013.07.13"]
[SourceVersion "1"]
[SourceVersionDate "2019.06.21"]
[SourceQuality "1"]

1. e4 e6 2. d4 d5 3. e5 c5 4. c3 Nc6 5. Nf3 Qb6 6. a3 c4 7. Nbd2 Na5 8. Rb1 Bd7
9. Be2 O-O-O 10. O-O Ne7 11. b3 Nxb3 12. Nxb3 Ba4 13. Ng5 Bxb3 14. Qe1 Nf5 15.
Nxf7 Be7 16. Nxh8 Rxh8 17. Bd1 Rf8 18. Bxb3 cxb3 19. Qd1 Qd8 20. Qxb3 Qc7 21.
a4 a5 22. Qb6 Qd7 23. Qxa5 Kb8 24. Bd2 Bd8 25. Qa6 Qf7 26. Rb2 Nh4 27. Be3 Nxg2
28. Rfb1 1-0

[Event "15. Obert Int. Sant Martí 2013 - B"]
[Site "Barcelona ESP"]
[Date "2013.07.19"]
[Round "7.47"]
[White "Palomero Galvez, Antonio"]
[Black "Aparicio Escudero, Hector F."]
[Result "0-1"]
[WhiteElo "1625"]
[BlackElo "1747"]
[PlyCount "62"]
[EventDate "2013.07.13"]
[EventType "swiss"]
[EventRounds "9"]
[EventCountry "ESP"]
[SourceTitle "Ajedrez en Madrid"]
[Source "lmi"]
[SourceDate "2013.07.13"]
[SourceVersion "1"]
[SourceVersionDate "2019.06.21"]
[SourceQuality "1"]

1. d4 Nf6 2. c4 e6 3. Nc3 Bb4 4. Qc2 c5 5. a3 Bxc3+ 6. bxc3 Nc6 7. Nf3 Qa5 8.
Bd2 O-O 9. e4 d6 10. Bd3 e5 11. d5 Ne7 12. Bg5 Ng6 13. Bxf6 gxf6 14. g3 Bh3 15.
Bf1 Bxf1 16. Kxf1 Qa6 17. Qe2 Kh8 18. h4 Rg8 19. h5 Ne7 20. Nh4 b6 21. Kg2 Qc8
22. f3 Qd7 23. Rh3 Rg5 24. g4 f5 25. exf5 Nxf5 26. Kh2 Nxh4 27. Rxh4 f5 28. f4
exf4 29. Qe6 Qg7 30. gxf5 Rg8 31. h6 Rg2+ 0-1

[Event "15. Obert Int. Sant Martí 2013 - B"]
[Site "Barcelona ESP"]
[Date "2013.07.19"]
[Round "7.48"]
[White "Kazmierczak, Ewa"]
[Black "Garcia Punzano, Josep Lluis"]
[Result "0-1"]
[WhiteElo "1574"]
[BlackElo "1744"]
[PlyCount "134"]
[EventDate "2013.07.13"]
[EventType "swiss"]
[EventRounds "9"]
[EventCountry "ESP"]
[SourceTitle "Ajedrez en Madrid"]
[Source "lmi"]
[SourceDate "2013.07.13"]
[SourceVersion "1"]
[SourceVersionDate "2019.06.21"]
[SourceQuality "1"]

1. e4 c5 2. Nf3 d6 3. d4 cxd4 4. Nxd4 Nf6 5. f3 g6 6. c4 Bg7 7. Nc3 O-O 8. Be3
Nc6 9. Be2 a6 10. O-O Bd7 11. Qd2 Rc8 12. Rac1 Ne5 13. b3 Re8 14. Rfd1 Rc7 15.
Nd5 Nxd5 16. cxd5 Qb8 17. Rxc7 Qxc7 18. Rc1 Qb8 19. h3 Bc8 20. f4 Nd7 21. Nf3
Nf6 22. Bd3 Nh5 23. Qf2 Bh6 24. Qh4 Bg7 25. f5 Bf6 26. Bg5 Qa7+ 27. Kh2 Bxg5
28. Qxg5 f6 29. Qg4 Qe3 30. Rd1 Nf4 31. Qg3 g5 32. Ne1 Qc5 33. Qf3 Nxd3 34.
Nxd3 Qc2 35. Nc1 Bd7 36. Qd3 Qf2 37. Qd2 Qh4 38. g3 Qxe4 39. g4 Rc8 40. Re1 Qb1
41. Ne2 Rc2 42. Qa5 Qb2 43. Qd8+ Kf7 44. Qh8 Rxe2+ 45. Rxe2 Qxe2+ 46. Kg1 Qe1+
47. Kg2 Qh4 48. a4 Qh6 49. Qd8 Be8 50. Qc8 b5 51. Qxa6 bxa4 52. bxa4 Qf8 53. a5
Bd7 54. Kg3 Qc8 55. Qa7 Bb5 56. Qb6 Bc4 57. Qd4 Qc7 58. Qc3 Qc5 59. h4 gxh4+
60. Kxh4 Qf2+ 61. Qg3 Qxg3+ 62. Kxg3 Bxd5 63. Kf4 e5+ 64. fxe6+ Kxe6 65. Ke3
Ke5 66. a6 h6 67. Kf2 Kf4 0-1

[Event "15. Obert Int. Sant Martí 2013 - B"]
[Site "Barcelona ESP"]
[Date "2013.07.19"]
[Round "7.49"]
[White "Baum, Jonasz"]
[Black "Santiago Llanes, Jose Juan"]
[Result "1-0"]
[WhiteElo "1512"]
[BlackElo "1741"]
[PlyCount "65"]
[EventDate "2013.07.13"]
[EventType "swiss"]
[EventRounds "9"]
[EventCountry "ESP"]
[SourceTitle "Ajedrez en Madrid"]
[Source "lmi"]
[SourceDate "2013.07.13"]
[SourceVersion "1"]
[SourceVersionDate "2019.06.21"]
[SourceQuality "1"]

1. e4 d5 2. exd5 Qxd5 3. d4 e5 4. Nf3 Bg4 5. dxe5 Qxd1+ 6. Kxd1 Bxf3+ 7. gxf3
Nc6 8. Bf4 O-O-O+ 9. Nd2 Bc5 10. Bg3 Nge7 11. c3 h5 12. h4 Ng6 13. f4 Nge7 14.
Bh3+ Kb8 15. Kc2 Nd5 16. Ne4 Be7 17. Ng5 Rhf8 18. e6 Bxg5 19. fxg5 fxe6 20.
Bxe6 Nf4 21. Rhe1 Nxe6 22. Rxe6 Rfe8 23. Rae1 Rxe6 24. Rxe6 Rd7 25. Re8+ Nd8
26. Be5 Kc8 27. Rg8 Rf7 28. f4 Kd7 29. Rxg7 Rxg7 30. Bxg7 Ne6 31. Be5 Nf8 32.
f5 Kc6 33. g6 1-0

[Event "15. Obert Int. Sant Martí 2013 - B"]
[Site "Barcelona ESP"]
[Date "2013.07.19"]
[Round "7.50"]
[White "Romero Funieles, Rafael"]
[Black "Lopez Pujol, Hector"]
[Result "0-1"]
[WhiteElo "1735"]
[BlackElo "1885"]
[PlyCount "74"]
[EventDate "2013.07.13"]
[EventType "swiss"]
[EventRounds "9"]
[EventCountry "ESP"]
[SourceTitle "Ajedrez en Madrid"]
[Source "lmi"]
[SourceDate "2013.07.13"]
[SourceVersion "1"]
[SourceVersionDate "2019.06.21"]
[SourceQuality "1"]

1. e4 c5 2. Nf3 d6 3. c3 a6 4. h3 Nc6 5. a3 Nf6 6. d3 e5 7. Be2 Be6 8. b4 cxb4
9. cxb4 Be7 10. O-O Rc8 11. Be3 O-O 12. Nbd2 Ne8 13. Nc4 f5 14. exf5 Bxf5 15.
Nb6 Rb8 16. a4 Bf6 17. Qb3+ Kh8 18. Rac1 Nc7 19. Nd2 Be6 20. Qb1 Bg5 21. Ne4
Bxe3 22. fxe3 Qe7 23. Rf3 d5 24. Rxf8+ Rxf8 25. Nc5 Qg5 26. Nxe6 Qxe3+ 27. Kh1
Nxe6 28. Re1 Qxb6 29. b5 axb5 30. Bg4 Ned4 31. axb5 Qxb5 32. Qa2 Qb3 33. Qd2
Qc2 34. Qg5 Qxd3 35. Rd1 Rf1+ 36. Kh2 Rxd1 37. Bxd1 Qxd1 0-1

[Event "15. Obert Int. Sant Martí 2013 - B"]
[Site "Barcelona ESP"]
[Date "2013.07.19"]
[Round "7.51"]
[White "Maria Oproae, Alex"]
[Black "Muratet Casadevall, Jordi"]
[Result "1-0"]
[WhiteElo "1415"]
[BlackElo "1734"]
[PlyCount "147"]
[EventDate "2013.07.13"]
[EventType "swiss"]
[EventRounds "9"]
[EventCountry "ESP"]
[SourceTitle "Ajedrez en Madrid"]
[Source "lmi"]
[SourceDate "2013.07.13"]
[SourceVersion "1"]
[SourceVersionDate "2019.06.21"]
[SourceQuality "1"]

1. e4 e5 2. Nf3 Nc6 3. Bc4 Nf6 4. d4 exd4 5. e5 d5 6. Bb5 Qe7 7. O-O Nd7 8.
Bxc6 bxc6 9. Nxd4 Bb7 10. Re1 O-O-O 11. c3 c5 12. Nf3 Qe6 13. a3 c4 14. Qc2 Qg6
15. Qxg6 hxg6 16. Ng5 Nxe5 17. Rxe5 Bd6 18. Nxf7 Bxe5 19. Nxe5 Rde8 20. Nf3 d4
21. Bd2 Bxf3 22. gxf3 d3 23. Be3 Rh3 24. Kg2 Reh8 25. Bf4 R3h5 26. Nd2 Rc5 27.
Re1 Kd7 28. Ne4 Rc6 29. Ng5 Rb8 30. Nf7 Rf6 31. Ne5+ Kc8 32. Bc1 d2 33. Bxd2
Rxb2 34. Nxc4 Rc2 35. Re2 Rc6 36. Ne5 R6xc3 37. Bxc3 Rxe2 38. Nxg6 Rc2 39. Bxg7
c5 40. Ne7+ Kd7 41. Nd5 Ra2 42. Bf8 Kc6 43. Nc3 Rxa3 44. Ne4 Ra5 45. h4 c4 46.
Kg3 Rf5 47. Ba3 a5 48. Kg4 Rb5 49. Nd6 Rb3 50. Nxc4 Kb5 51. Nxa5 Rxa3 52. Nb7
Kc6 53. Nd8+ Kd7 54. Nf7 Ke7 55. Ng5 Kf6 56. h5 Ra1 57. Ne4+ Kg7 58. f4 Rg1+
59. Ng3 Kh6 60. f5 Rg2 61. f4 Ra2 62. f6 Kh7 63. f5 Kh6 64. Kf4 Ra4+ 65. Ne4
Kxh5 66. f7 Ra8 67. Ke5 Kh6 68. f6 Kg6 69. Ke6 Ra6+ 70. Nd6 Rxd6+ 71. Kxd6 Kxf7
72. Ke5 Ke8 73. Ke6 Kf8 74. f7 1-0

[Event "15. Obert Int. Sant Martí 2013 - B"]
[Site "Barcelona ESP"]
[Date "2013.07.19"]
[Round "7.52"]
[White "Riu Lopez, Sergi"]
[Black "Sequera Morales, Genesis G."]
[Result "1/2-1/2"]
[WhiteElo "1503"]
[BlackElo "1726"]
[PlyCount "113"]
[EventDate "2013.07.13"]
[EventType "swiss"]
[EventRounds "9"]
[EventCountry "ESP"]
[SourceTitle "Ajedrez en Madrid"]
[Source "lmi"]
[SourceDate "2013.07.13"]
[SourceVersion "1"]
[SourceVersionDate "2019.06.21"]
[SourceQuality "1"]

1. e4 e5 2. Nf3 Nc6 3. Bb5 Nf6 4. O-O Nxe4 5. d4 Nd6 6. Bxc6 dxc6 7. Nxe5 Be7
8. Nc3 O-O 9. Be3 f6 10. Nf3 Bg4 11. h3 Bh5 12. d5 f5 13. dxc6 bxc6 14. Bf4 Qe8
15. Qd3 Rd8 16. Ne5 Bf6 17. Qe3 Bxe5 18. Qxe5 Qg6 19. Qe3 Rde8 20. Qg3 Qe6 21.
f3 Rf6 22. Rfe1 Qd7 23. Rxe8+ Qxe8 24. Re1 Qf7 25. Qf2 a6 26. Qe2 Nb5 27. Nxb5
cxb5 28. b3 Kf8 29. Qd3 Kg8 30. Qd8+ Qf8 31. Qxc7 h6 32. Rd1 Kh7 33. Rd7 Rf7
34. Rxf7 Qxf7 35. Qxf7 Bxf7 36. a3 g5 37. Be5 f4 38. b4 Kg6 39. Kf2 Be6 40. Bd6
h5 41. h4 Kf5 42. hxg5 Kxg5 43. g3 fxg3+ 44. Bxg3 h4 45. Bh2 Kf5 46. Ke3 Bd5
47. Bf4 h3 48. Bg3 Be6 49. Kd4 Bf7 50. Kc5 Be6 51. Kb6 Bc8 52. Ka5 Ke6 53. a4
bxa4 54. Kxa4 Bd7+ 55. Ka5 Bb5 56. Kb6 Kd5 57. c3 1/2-1/2

[Event "15. Obert Int. Sant Martí 2013 - B"]
[Site "Barcelona ESP"]
[Date "2013.07.19"]
[Round "7.53"]
[White "Collell Rodriguez, Victor"]
[Black "Delgado Lozano, Jose Manuel"]
[Result "1-0"]
[WhiteElo "1650"]
[BlackElo "1927"]
[PlyCount "65"]
[EventDate "2013.07.13"]
[EventType "swiss"]
[EventRounds "9"]
[EventCountry "ESP"]
[SourceTitle "Ajedrez en Madrid"]
[Source "lmi"]
[SourceDate "2013.07.13"]
[SourceVersion "1"]
[SourceVersionDate "2019.06.21"]
[SourceQuality "1"]

1. e4 e5 2. Nf3 Nc6 3. Bc4 Nf6 4. d3 h6 5. Nc3 Bc5 6. Be3 Bb6 7. Bxb6 axb6 8.
d4 exd4 9. Nxd4 Ne5 10. Bb3 d6 11. Qd2 O-O 12. O-O-O Bg4 13. f3 Bd7 14. Rdf1
Qe8 15. g4 c5 16. Nf5 c4 17. Nxd6 Qe6 18. Nxc4 Nxc4 19. Bxc4 Qxc4 20. e5 Nxg4
21. fxg4 Bc6 22. Rhg1 Rfd8 23. Qf4 Rd4 24. Qf2 b5 25. g5 hxg5 26. Rxg5 b4 27.
e6 Be8 28. Nd5 Rxd5 29. exf7+ Kf8 30. fxe8=Q+ Kxe8 31. Rxg7 Qc5 32. Qf7+ Kd8
33. Rg8+ 1-0

[Event "15. Obert Int. Sant Martí 2013 - B"]
[Site "Barcelona ESP"]
[Date "2013.07.19"]
[Round "7.54"]
[White "Serra Vilaro, Agustin"]
[Black "Cort Hidalgo, Jordi"]
[Result "1-0"]
[WhiteElo "1849"]
[BlackElo "1650"]
[PlyCount "111"]
[EventDate "2013.07.13"]
[EventType "swiss"]
[EventRounds "9"]
[EventCountry "ESP"]
[SourceTitle "Ajedrez en Madrid"]
[Source "lmi"]
[SourceDate "2013.07.13"]
[SourceVersion "1"]
[SourceVersionDate "2019.06.21"]
[SourceQuality "1"]

1. d4 Nf6 2. c3 g6 3. Nd2 Bg7 4. e4 d6 5. f4 O-O 6. Ngf3 e5 7. fxe5 dxe5 8.
Nxe5 Re8 9. Bc4 Be6 10. Qb3 Bxc4 11. Qxc4 Qe7 12. O-O c6 13. Nxf7 Qxf7 14.
Qxf7+ Kxf7 15. e5 Nbd7 16. Nc4 Kg8 17. exf6 Nxf6 18. Bf4 Re2 19. Be5 Rf8 20.
Rae1 Rxe1 21. Rxe1 Re8 22. Rf1 Re6 23. h3 Ne4 24. g4 Bxe5 25. Nxe5 Rf6 26. Rxf6
Nxf6 27. Kg2 Kf8 28. Kf3 Ke7 29. c4 Ke6 30. b4 b5 31. cxb5 cxb5 32. Nc6 Nd5 33.
Nxa7 Nxb4 34. a3 Nc2 35. Nxb5 Kd5 36. a4 Nb4 37. g5 Nc6 38. Ke3 Nb4 39. Nc7+
Kc6 40. Ne8 Nd5+ 41. Ke4 Nc3+ 42. Ke5 Nxa4 43. Nf6 Nb2 44. Nxh7 Nd3+ 45. Kf6
Kd5 46. h4 Kxd4 47. Kxg6 Ke5 48. h5 Nf4+ 49. Kh6 Ne6 50. g6 Nd4 51. Kg7 Nf5+
52. Kf8 Nh6 53. Ng5 Kf6 54. Nf7 Nf5 55. Nd8 Ne7 56. g7 1-0

[Event "15. Obert Int. Sant Martí 2013 - B"]
[Site "Barcelona ESP"]
[Date "2013.07.19"]
[Round "7.55"]
[White "Rodriguez Batuecas, Jordi"]
[Black "Gonzalez Jurado, Jesus"]
[Result "0-1"]
[WhiteElo "1630"]
[BlackElo "1844"]
[PlyCount "66"]
[EventDate "2013.07.13"]
[EventType "swiss"]
[EventRounds "9"]
[EventCountry "ESP"]
[SourceTitle "Ajedrez en Madrid"]
[Source "lmi"]
[SourceDate "2013.07.13"]
[SourceVersion "1"]
[SourceVersionDate "2019.06.21"]
[SourceQuality "1"]

1. e4 d6 2. d4 Nf6 3. Nc3 g6 4. Nf3 Bg7 5. Be2 O-O 6. Be3 Nbd7 7. Qd2 c5 8.
O-O-O cxd4 9. Nxd4 a6 10. h4 Ne5 11. f3 h5 12. Rdg1 b5 13. Nd1 Bd7 14. Nf2 Qc8
15. Rh2 Nc4 16. Bxc4 Qxc4 17. Nb3 a5 18. Qd4 Rfc8 19. Qxc4 Rxc4 20. Nd3 a4 21.
Nd2 Rc6 22. Nb4 Rc7 23. Kb1 Be6 24. a3 Nd7 25. g4 hxg4 26. fxg4 Ne5 27. Nd5 Rb7
28. g5 Ng4 29. Rhg2 Bxd5 30. Rxg4 Be6 31. R4g2 b4 32. axb4 Rxb4 33. b3 axb3 0-1

[Event "15. Obert Int. Sant Martí 2013 - B"]
[Site "Barcelona ESP"]
[Date "2013.07.19"]
[Round "7.56"]
[White "Vargas Ramirez, Ana Maria"]
[Black "Lopez Mayoral, Miguel Angel"]
[Result "1-0"]
[WhiteElo "1836"]
[BlackElo "1645"]
[PlyCount "87"]
[EventDate "2013.07.13"]
[EventType "swiss"]
[EventRounds "9"]
[EventCountry "ESP"]
[SourceTitle "Ajedrez en Madrid"]
[Source "lmi"]
[SourceDate "2013.07.13"]
[SourceVersion "1"]
[SourceVersionDate "2019.06.21"]
[SourceQuality "1"]

1. e4 e5 2. Nf3 Nc6 3. Bb5 a6 4. Ba4 Nf6 5. O-O b5 6. Bb3 Be7 7. Re1 d6 8. c3
Na5 9. Bc2 Bg4 10. d3 c5 11. Nbd2 O-O 12. Nf1 Nc6 13. Ng3 Qc8 14. h3 Bd7 15.
Kh2 a5 16. Be3 b4 17. d4 cxd4 18. cxd4 exd4 19. Nxd4 Ne5 20. Ndf5 Re8 21. Nxe7+
Rxe7 22. b3 Qc6 23. Rc1 Ng6 24. Bg5 Qb6 25. Qd2 Rae8 26. Bxf6 gxf6 27. Nh5 Kh8
28. Nxf6 Rd8 29. Qh6 Nf8 30. Nd5 Qxf2 31. Nxe7 Qd4 32. Qh4 Qe5+ 33. Kh1 f6 34.
Rf1 Qxe7 35. Qxf6+ Qxf6 36. Rxf6 Ne6 37. Bd3 Kg7 38. Rff1 Nc5 39. Bb1 Re8 40.
Rfd1 Nxe4 41. Bxe4 Rxe4 42. Rc7 Re7 43. Rxd6 Re1+ 44. Kh2 1-0

[Event "15. Obert Int. Sant Martí 2013 - B"]
[Site "Barcelona ESP"]
[Date "2013.07.19"]
[Round "7.57"]
[White "Salazar Navas, Josep"]
[Black "Cantero Mitjans, Carles"]
[Result "1-0"]
[WhiteElo "1789"]
[BlackElo "1639"]
[PlyCount "91"]
[EventDate "2013.07.13"]
[EventType "swiss"]
[EventRounds "9"]
[EventCountry "ESP"]
[SourceTitle "Ajedrez en Madrid"]
[Source "lmi"]
[SourceDate "2013.07.13"]
[SourceVersion "1"]
[SourceVersionDate "2019.06.21"]
[SourceQuality "1"]

1. e4 c6 2. d4 d5 3. exd5 cxd5 4. c4 Nf6 5. Nc3 e6 6. c5 Nc6 7. Bb5 Bd7 8. Nf3
a6 9. Bxc6 Bxc6 10. b4 Be7 11. O-O O-O 12. Ne5 Nd7 13. Nxc6 bxc6 14. Bf4 Bg5
15. Bd6 Be7 16. Bf4 Bg5 17. Bd6 Be7 18. Bxe7 Qxe7 19. a4 Rfb8 20. Rb1 Nf6 21.
b5 axb5 22. axb5 cxb5 23. Nxb5 Ne8 24. f4 Nc7 25. Qd3 Nxb5 26. Rxb5 Qc7 27. g3
Rxb5 28. Qxb5 Rb8 29. Qd3 f6 30. Rb1 e5 31. Rxb8+ Qxb8 32. dxe5 Qb7 33. e6 g6
34. f5 g5 35. Qd4 Qb1+ 36. Kg2 Qc2+ 37. Qf2 Qe4+ 38. Kh3 h5 39. e7 Qxe7 40. Qd4
g4+ 41. Kh4 Qf7 42. c6 Kg7 43. Qb6 Kh6 44. Qe3+ Kh7 45. Qe6 Qg7 46. Qd7 1-0

[Event "15. Obert Int. Sant Martí 2013 - B"]
[Site "Barcelona ESP"]
[Date "2013.07.19"]
[Round "7.58"]
[White "Fernandez Benito, Carlos Pablo"]
[Black "Pujal Moncho, Joaquim"]
[Result "0-1"]
[WhiteElo "1624"]
[BlackElo "1768"]
[PlyCount "66"]
[EventDate "2013.07.13"]
[EventType "swiss"]
[EventRounds "9"]
[EventCountry "ESP"]
[SourceTitle "Ajedrez en Madrid"]
[Source "lmi"]
[SourceDate "2013.07.13"]
[SourceVersion "1"]
[SourceVersionDate "2019.06.21"]
[SourceQuality "1"]

1. d4 d5 2. Nf3 e6 3. e3 f5 4. Nbd2 Nf6 5. b3 c6 6. a4 Bd6 7. Be2 O-O 8. Ne5
Nbd7 9. f4 Ne4 10. Nxe4 fxe4 11. O-O Nxe5 12. fxe5 Be7 13. c4 Bd7 14. c5 b6 15.
b4 a5 16. Bd2 axb4 17. Bxb4 bxc5 18. Bxc5 Bxc5 19. dxc5 Rxf1+ 20. Qxf1 Qe7 21.
Qc1 Ra5 22. Qd2 Qxc5 23. Bg4 Qa7 24. Rf1 Bc8 25. Qb4 c5 26. Qd2 Rxa4 27. Qf2
Qe7 28. h4 Bd7 29. h5 Ra8 30. Rb1 Rf8 31. Qg3 c4 32. Rb7 c3 33. Bxe6+ Qxe6 0-1

[Event "15. Obert Int. Sant Martí 2013 - B"]
[Site "Barcelona ESP"]
[Date "2013.07.19"]
[Round "7.59"]
[White "Martin Sanchez, Antoni"]
[Black "Tahay, Romain"]
[Result "1-0"]
[WhiteElo "1730"]
[BlackElo "1553"]
[PlyCount "69"]
[EventDate "2013.07.13"]
[EventType "swiss"]
[EventRounds "9"]
[EventCountry "ESP"]
[SourceTitle "Ajedrez en Madrid"]
[Source "lmi"]
[SourceDate "2013.07.13"]
[SourceVersion "1"]
[SourceVersionDate "2019.06.21"]
[SourceQuality "1"]

1. d4 Nf6 2. c4 g6 3. Nc3 d5 4. e3 Bg7 5. Nf3 b6 6. cxd5 Nxd5 7. Be2 Bb7 8. O-O
O-O 9. Bd2 Nd7 10. Rc1 c5 11. Qb3 Nxc3 12. Bxc3 Rc8 13. a3 Bxf3 14. Bxf3 cxd4
15. exd4 e6 16. Rfe1 Re8 17. g3 h5 18. Kg2 Rc7 19. Qb4 Bf8 20. Qa4 Bh6 21. Rcd1
Qc8 22. Qb5 a6 23. Qd3 Bg7 24. Re2 b5 25. h4 Rc4 26. Rde1 Nb6 27. Re3 Na4 28.
d5 Nxc3 29. dxe6 Rxe6 30. Rxe6 fxe6 31. bxc3 Rxc3 32. Qxg6 Rxa3 33. Rxe6 Rxf3
34. Kxf3 a5 35. Re8+ 1-0